NLSUI OPAC header image

Dalit Bahujan Discourse (Record no. 119646)

MARC details
000 -LEADER
fixed length control field 00386nam a2200145Ia 4500
008 - FIXED-LENGTH DATA ELEMENTS--GENERAL INFORMATION
fixed length control field 200619s9999 xx 000 0 und d
020 ## - INTERNATIONAL STANDARD BOOK NUMBER
International Standard Book Number 8189524357
082 ## - DEWEY DECIMAL CLASSIFICATION NUMBER
Classification number 305.56ROD
100 ## - MAIN ENTRY--PERSONAL NAME
Personal name Valerian Rodrigues
245 #0 - TITLE STATEMENT
Title Dalit Bahujan Discourse
264 ## - PRODUCTION, PUBLICATION, DISTRIBUTION, MANUFACTURE, AND COPYRIGHT NOTICE
Place of production, publication, distribution, manufacture New Delhi
Name of producer, publisher, distributor, manufacturer Critical Quest
Date of production, publication, distribution, manufacture, or copyright notice 2008
300 ## - PHYSICAL DESCRIPTION
Extent 40
942 ## - ADDED ENTRY ELEMENTS (KOHA)
Koha item type CSSEIP Office Library Collection
Holdings
Withdrawn status Lost status Damaged status Not for loan Home library Current library Shelving location Date acquired Total Checkouts Barcode Date last seen Price effective from Koha item type
        . . CSSEIP Office Library 25.06.2020   CSSEIP107 23.06.2020 23.06.2020 CSSEIP Office Library Collection